Conversaciones en Jerusalén : (Record no. 27746)

MARC details
000 -LEADER
campo de control de longitud fija 00770cam a2200253Ia 4500
001 - NÚMERO DE CONTROL
campo de control 46637
005 - FECHA Y HORA DE LA ÚLTIMA TRANSACCIÓN
campo de control 20230410103902.0
008 - DATOS DE LONGITUD FIJA--INFORMACIÓN GENERAL
campo de control de longitud fija 820825s1981 is 000 0 por d
035 ## - NÚMERO DE CONTROL DEL SISTEMA
Número de control de sistema (OCoLC)ocm08718268
040 ## - FUENTE DE CATALOGACIÓN
Centro catalogador/agencia de origen HUC
Centro/agencia transcriptor HUC
Centro/agencia modificador PIT
035 ## - NÚMERO DE CONTROL DEL SISTEMA
Número de control de sistema (OCoLC)8718268
043 ## - CÓDIGO DE ÁREA GEOGRÁFICA
Código de área geográfica a-is---
050 14 - SIGNATURA TOPOGRÁFICA DE LA BIBLIOTECA DEL CONGRESO
Número de clasificación 416 DS 126.5
Número de ítem M621c 1981
049 ## - FONDOS LOCALES (OCLC)
Biblioteca depositaria GRAL
100 1# - ENTRADA PRINCIPAL--NOMBRE DE PERSONA
Nombre de persona Michael, M.
Forma completa/desarrollada del nombre (Michael)
245 10 - MENCIÓN DEL TÍTULO
Título Conversaciones en Jerusalén :
Resto del título Israel frente a la presente decada /
Mención de responsabilidad, etc. M. Michael.
250 ## - MENCION DE EDICION
Mención de edición 1. ed.
260 ## - PUBLICACIÓN, DISTRIBUCIÓN, ETC.
Lugar de publicación, distribución, etc. Jerusalén :
Nombre del editor, distribuidor, etc. Instituto Central de Relaciones Culturales Israel-Iberoamérica, España y Portugal,
Fecha de publicación, distribución, etc. c1981.
300 ## - DESCRIPCIÓN FÍSICA
Extensión 92 p. :
Otras características físicas ill. (some col.) ;
Dimensiones 21 cm.
651 #0 - PUNTO DE ACCESO ADICIONAL DE MATERIA--NOMBRE GEOGRÁFICO
Nombre geográfico Israel.
942 ## - ELEMENTOS DE ENTRADA SECUNDARIOS (KOHA)
Fuente del sistema de clasificación o colocación Clasificación de Library of Congress
Tipo de ítem Koha
946 ## - PROCESAMIENTO DE INFORMACIÓN LOCAL (OCLC)
a clperez
994 ## -
-- C0
-- DRFGD
Holdings
Estatus retirado Estado de pérdida Fuente del sistema de clasificación o colocación Estado de daño No para préstamo Colección Biblioteca de origen Biblioteca actual Ubicación en estantería Fecha de adquisición Serial enumeration / chronology Signatura topográfica completa Código de barras Visto por última vez Copia número Tipo de ítem Koha
    Clasificación de Library of Congress     Recursos Regionales Biblioteca Juan Bosch Biblioteca Juan Bosch Recursos Regionales (2do. Piso) 10/04/2023 1 416 DS 126.5 M621c 1981 00000047579 23/10/2018 1